[Event "Bunratty Masters"]
[Site "Bunratty Co. Clare, Ireland"]
[Date "2017.02.18"]
[Round "4"]
[White "Gelip, Ioana"]
[Black "Keogh, Eamon"]
[Result "1-0"]
[WhiteElo "2202"]
[BlackElo "1902"]
[PlyCount "95"]
[EventDate "2017.??.??"]

1. e4 d6 2. d4 g6 3. Nc3 Bg7 4. Be3 e5 5. Nf3 Bg4 6. dxe5 Bxe5 7. h3 Bxf3 8.
Qxf3 Bxc3+ 9. bxc3 Qf6 10. Qxf6 Nxf6 11. Bd4 Nbd7 12. Rb1 O-O-O 13. f3 c5 14.
Be3 d5 15. exd5 Nxd5 16. Bd2 Rhe8+ 17. Kf2 Ne5 18. f4 Nf6 19. Be1 Ne4+ 20. Kg1
Nc6 21. Bd3 f5 22. Kh2 h6 23. Bh4 Rd6 24. Rhe1 b6 25. Re3 Na5 26. Rbe1 Rde6 27.
Bb5 Nc6 28. Rd1 Kc7 29. Bc4 Rd6 30. Rxd6 Nxd6 31. Rxe8 Nxe8 32. Bf7 Nd6 33.
Bxg6 Kd7 34. g4 Ke6 35. Kg2 Na5 36. Bh7 Kf7 37. gxf5 Nac4 38. Kf3 Nd2+ 39. Ke3
N2e4 40. Bg6+ Kg7 41. Be7 Nc8 42. Kxe4 Nxe7 43. Ke5 Nxg6+ 44. fxg6 Kxg6 45. Ke6
Kg7 46. f5 h5 47. h4 Kf8 48. Kf6 1-0

[Event "Bunratty Masters"]
[Site "Bunratty Co. Clare, Ireland"]
[Date "2017.02.18"]
[Round "4"]
[White "Nettleton, Charlie"]
[Black "Fox, Anthony"]
[Result "1/2-1/2"]
[WhiteElo "2162"]
[BlackElo "1969"]
[PlyCount "73"]
[EventDate "2017.??.??"]

1. d4 d5 2. Bf4 Nf6 3. e3 c5 4. c3 Nc6 5. Bd3 Qb6 6. Qc1 e6 7. Nd2 Be7 8. Ngf3
O-O 9. h3 Bd7 10. Rb1 Rac8 11. Qd1 Rfd8 12. O-O cxd4 13. exd4 a6 14. Qe2 h6 15.
Rfe1 Bf8 16. Ne5 Nxe5 17. Bxe5 Be7 18. g4 Bb5 19. Bxb5 Qxb5 20. Qxb5 axb5 21.
a3 Nd7 22. Bg3 Nb6 23. f4 Bd6 24. Kg2 Nc4 25. Nxc4 bxc4 26. f5 exf5 27. gxf5
Rc6 28. Re2 Bxg3 29. Kxg3 g6 30. Rbe1 Kg7 31. Re5 Rb6 32. R1e2 Rdd6 33. h4 Rd7
34. Kf4 Rf6 35. Kg4 Rb6 36. Kf4 Rf6 37. Kg4 1/2-1/2

[Event "Bunratty Masters"]
[Site "Bunratty Co. Clare, Ireland"]
[Date "2017.02.18"]
[Round "4"]
[White "Mulligan, Scott"]
[Black "Li, Henry"]
[Result "0-1"]
[WhiteElo "2065"]
[BlackElo "2150"]
[PlyCount "60"]
[EventDate "2017.??.??"]

1. e4 e5 2. Nf3 Nc6 3. Bc4 Nf6 4. d3 Bc5 5. c3 a6 6. Bb3 Ba7 7. h3 h6 8. Nbd2
d6 9. Nf1 d5 10. Qe2 O-O 11. Ng3 Be6 12. Nh4 dxe4 13. dxe4 Bxb3 14. axb3 Qe7
15. Nhf5 Qe6 16. Qc2 Ne7 17. Nxe7+ Qxe7 18. O-O Rfd8 19. Bd2 Rd7 20. Rad1 Rad8
21. Be3 Bxe3 22. fxe3 Qc5 23. Kf2 h5 24. Rxd7 Rxd7 25. Kf3 Qd6 26. Rf2 g6 27.
Nf1 Ne8 28. Nd2 b5 29. Ke2 Nf6 30. Nf3 Nxe4 0-1

[Event "Bunratty Masters"]
[Site "Bunratty Co. Clare, Ireland"]
[Date "2017.02.18"]
[Round "4"]
[White "Cafolla, Peter"]
[Black "Moran, Stephen"]
[Result "1/2-1/2"]
[WhiteElo "1976"]
[BlackElo "2119"]
[PlyCount "58"]
[EventDate "2017.??.??"]

1. d4 Nf6 2. c4 g6 3. Nc3 d5 4. cxd5 Nxd5 5. e4 Nxc3 6. bxc3 Bg7 7. Bc4 c5 8.
Ne2 O-O 9. O-O Nc6 10. Be3 Na5 11. Bd3 b6 12. dxc5 bxc5 13. Bxc5 Qc7 14. Bd4 e5
15. Be3 Be6 16. Qc2 Nc4 17. Bxc4 Bxc4 18. Rfd1 Rfd8 19. Ng3 Qa5 20. h3 a6 21.
Nf1 Rac8 22. Rxd8+ Rxd8 23. Nd2 Bd3 24. Qb2 Qb5 25. Qxb5 axb5 26. a4 bxa4 27.
Rxa4 Rc8 28. c4 Bf8 29. Ra5 Bb4 1/2-1/2

[Event "Bunratty Masters"]
[Site "Bunratty Co. Clare, Ireland"]
[Date "2017.02.18"]
[Round "4"]
[White "van der Zwet, Bart"]
[Black "Speck, Stefan"]
[Result "1-0"]
[WhiteElo "2118"]
[BlackElo "1989"]
[PlyCount "111"]
[EventDate "2017.??.??"]

1. e4 d6 2. d4 Nf6 3. f3 e5 4. dxe5 dxe5 5. Qxd8+ Kxd8 6. Bc4 Be6 7. Bxe6 fxe6
8. Be3 Bd6 9. Nc3 Nbd7 10. O-O-O Ke7 11. Nh3 a6 12. Nf2 b5 13. a4 Rhb8 14. axb5
axb5 15. Kd2 b4 16. Ne2 Ra2 17. Ra1 Rba8 18. Rxa2 Rxa2 19. b3 Nb8 20. Nd3 Nfd7
21. Rb1 c5 22. Nb2 Nb6 23. Nc1 Ra6 24. Ncd3 N8d7 25. g3 Ke8 26. f4 Nf6 27. Nf2
Nfd7 28. Ng4 Nf6 29. Nxf6+ gxf6 30. fxe5 fxe5 31. Kd3 Kd7 32. Rf1 Ra2 33. Rf7+
Kc6 34. Bc1 Ra1 35. Kd2 c4 36. Nxc4 Nxc4+ 37. bxc4 Bc5 38. Bb2 Ra2 39. Kc1 Bd4
40. Bxd4 exd4 41. Rxh7 b3 42. cxb3 Kc5 43. Rb7 Rxh2 44. Rb5+ Kc6 45. Re5 Kd6
46. Ra5 Re2 47. e5+ Kc6 48. b4 d3 49. Ra6+ Kc7 50. Rxe6 Rc2+ 51. Kd1 Rxc4 52.
b5 Rg4 53. b6+ Kb7 54. Kd2 Rxg3 55. Rd6 Rg1 56. e6 1-0

[Event "Bunratty Masters"]
[Site "Bunratty Co. Clare, Ireland"]
[Date "2017.02.18"]
[Round "4"]
[White "Doyle, Hugh"]
[Black "Melaugh, Gavin"]
[Result "1-0"]
[WhiteElo "2044"]
[BlackElo "1936"]
[PlyCount "49"]
[EventDate "2017.??.??"]

1. c4 e5 2. g3 Nc6 3. Nc3 f5 4. Nf3 Nf6 5. d4 e4 6. Nh4 d6 7. Bg5 g6 8. Ng2 Bg7
9. Nf4 O-O 10. h4 Qe8 11. e3 Ng4 12. Nfd5 Qf7 13. Nb5 Rb8 14. Nbxc7 a6 15. h5
gxh5 16. Qb3 Bxd4 17. exd4 Nxd4 18. Qc3 Nf3+ 19. Ke2 Nxg5 20. Bg2 Ne5 21. c5
Be6 22. Nxe6 Qxe6 23. Nf4 Qd7 24. Qb3+ Ngf7 25. Rad1 1-0

[Event "Bunratty Masters"]
[Site "?"]
[Date "2017.02.19"]
[Round "5"]
[White "Short, Nigel"]
[Black "Baburin, Alexander"]
[Result "1-0"]
[WhiteElo "2675"]
[BlackElo "2481"]
[PlyCount "89"]
[EventDate "2017.??.??"]

1. d4 d5 2. c4 c6 3. Nf3 Nf6 4. Qc2 dxc4 5. Qxc4 Bg4 6. Nc3 Bxf3 7. gxf3 g6 8.
e4 Bg7 9. Be3 O-O 10. Be2 Nbd7 11. Qb3 Qb6 12. Qc2 Qa5 13. f4 c5 14. O-O-O cxd4
15. Rxd4 e5 16. fxe5 Nxe5 17. h3 a6 18. f4 Nc6 19. Ra4 Qd8 20. e5 Nd5 21. Nxd5
Qxd5 22. Rd1 Qg2 23. Bg4 Qxc2+ 24. Kxc2 g5 25. fxg5 Nxe5 26. Bf5 Rfe8 27. Re4
Nc4 28. Bc1 Rxe4 29. Bxe4 Re8 30. Bxb7 Nxb2 31. Rd7 a5 32. Ba6 Na4 33. Rd5 Ra8
34. Rxa5 Nc3 35. Bd2 Ne4 36. Be3 Bf8 37. h4 h6 38. g6 Kg7 39. gxf7 Bc5 40. Bc1
Ra7 41. Bxh6+ Kxf7 42. Bc4+ Kg6 43. Rxa7 Bxa7 44. Bf8 Kh5 45. Be7 1-0

[Event "Bunratty Masters"]
[Site "?"]
[Date "2017.02.19"]
[Round "5"]
[White "Bates, Richard"]
[Black "Lopez, Alex"]
[Result "0-1"]
[WhiteElo "2347"]
[BlackElo "2417"]
[PlyCount "64"]
[EventDate "2017.??.??"]

1. d4 Nf6 2. Nf3 g6 3. g3 c6 4. Bg2 d5 5. O-O Bg7 6. Nbd2 O-O 7. Re1 Ne4 8. c3
f5 9. Ne5 Nd7 10. Ndf3 Ndf6 11. Nd3 a5 12. a4 b6 13. Nfe5 c5 14. dxc5 bxc5 15.
c4 Qc7 16. Qc2 d4 17. e3 Nd7 18. exd4 cxd4 19. Nxd7 Qxd7 20. Bf4 Qa7 21. c5 Ba6
22. Rac1 Rac8 23. Bxe4 fxe4 24. Rxe4 Qd7 25. Qb3+ Kh8 26. Be5 Bxe5 27. Rxe5 Rf3
28. c6 Qd6 29. Rd5 Rxd3 30. Qxd3 Bxd3 31. Rxd6 exd6 32. c7 Be2 0-1

[Event "Bunratty Masters"]
[Site "?"]
[Date "2017.02.19"]
[Round "5"]
[White "Lalic, Bogdan"]
[Black "Prilleltensky, Matan"]
[Result "1-0"]
[WhiteElo "2449"]
[BlackElo "2195"]
[PlyCount "45"]
[EventDate "2017.??.??"]

1. d4 d5 2. c4 c6 3. Nf3 Nf6 4. Nc3 e6 5. Bg5 Be7 6. e3 O-O 7. Qc2 Nbd7 8.
O-O-O b6 9. Kb1 Bb7 10. h4 Rc8 11. Bd3 c5 12. cxd5 c4 13. Be4 Nxe4 14. Nxe4
Bxd5 15. Nd6 Bxf3 16. gxf3 Rc6 17. Nb5 a6 18. Qe4 Nb8 19. d5 Rc8 20. dxe6 Qe8
21. Bxe7 c3 22. Nxc3 Qxe7 23. Nd5 1-0

[Event "Bunratty Masters"]
[Site "Bunratty Co. Clare, Ireland"]
[Date "2017.02.19"]
[Round "5"]
[White "Wallace, Paul A"]
[Black "Wells, Peter"]
[Result "1/2-1/2"]
[WhiteElo "2204"]
[BlackElo "2428"]
[PlyCount "27"]
[EventDate "2017.??.??"]

1. e4 c6 2. d4 d5 3. e5 c5 4. c4 Nc6 5. Nf3 cxd4 6. Nxd4 e6 7. Nc3 Bc5 8. Nxc6
bxc6 9. Qg4 Ne7 10. Qxg7 Ng6 11. cxd5 cxd5 12. h4 Bf8 13. Qf6 Be7 14. Qg7
1/2-1/2

[Event "Bunratty Masters"]
[Site "Bunratty Co. Clare, Ireland"]
[Date "2017.02.19"]
[Round "5"]
[White "Hunt, Adam"]
[Black "Murray, David B"]
[Result "1-0"]
[WhiteElo "2424"]
[BlackElo "2098"]
[PlyCount "115"]
[EventDate "2017.??.??"]

1. d4 Nf6 2. c4 g6 3. Nc3 d5 4. cxd5 Nxd5 5. e4 Nxc3 6. bxc3 Bg7 7. Bc4 c5 8.
Ne2 Nc6 9. Be3 O-O 10. O-O Bg4 11. f3 cxd4 12. cxd4 Bd7 13. Rb1 Qc7 14. Rc1
Rad8 15. d5 Ne5 16. Bb3 Qa5 17. Bc5 Rfe8 18. f4 Ng4 19. h3 b6 20. Bd4 Bxd4+ 21.
Qxd4 Nf6 22. Rfe1 Bb5 23. Nc3 Nd7 24. Nxb5 Qxb5 25. Ba4 Qa5 26. Re2 Rf8 27. Rc7
Nc5 28. Bc6 Ne6 29. Qe5 Nxc7 30. Qxc7 Qc5+ 31. Kh2 a5 32. a4 Rc8 33. Qb7 Rfd8
34. Kg3 Qc3+ 35. Kf2 Qd4+ 36. Kf3 Qb4 37. Re3 Rb8 38. Qc7 Qd6 39. Qxd6 exd6 40.
e5 Kf8 41. Ke4 Ke7 42. g4 h6 43. h4 Rg8 44. Kd4 g5 45. hxg5 hxg5 46. f5 dxe5+
47. Kxe5 f6+ 48. Kd4+ Kf7 49. d6 Rge8 50. Bxe8+ Rxe8 51. Rb3 Re1 52. Rxb6 Ra1
53. Kd5 Rxa4 54. Rb8 Ra1 55. d7 Rd1+ 56. Kc6 Rc1+ 57. Kb7 Rb1+ 58. Ka7 1-0

[Event "Bunratty Masters"]
[Site "Bunratty Co. Clare, Ireland"]
[Date "2017.02.19"]
[Round "5"]
[White "Byrne, Alex"]
[Black "Speelman, Jonathan"]
[Result "0-1"]
[WhiteElo "1942"]
[BlackElo "2522"]
[PlyCount "90"]
[EventDate "2017.??.??"]

1. e4 e6 2. d4 d5 3. Nd2 c5 4. c3 cxd4 5. cxd4 Nc6 6. Ngf3 a6 7. Bd3 dxe4 8.
Nxe4 Bb4+ 9. Bd2 Be7 10. O-O Nf6 11. Bg5 O-O 12. Bxf6 Bxf6 13. Nxf6+ Qxf6 14.
Be4 Bd7 15. Ne5 Rfd8 16. Qh5 g6 17. Qf3 Qxf3 18. Bxf3 Be8 19. Bxc6 Bxc6 20.
Rfd1 Rac8 21. Rac1 Bb5 22. g3 Kf8 23. Rc3 f6 24. Nd3 Kf7 25. Nc5 Bc6 26. Nb3 e5
27. Rd2 exd4 28. Rxd4 Re8 29. Re3 Re5 30. Rxe5 fxe5 31. Rd2 Ke6 32. Kf1 Bf3 33.
Rd3 Bd5 34. Rc3 Rxc3 35. bxc3 Bxb3 36. axb3 Kd5 37. Ke2 a5 38. Kd3 b5 39. Ke2
Ke4 40. Kd2 g5 41. Kc2 g4 42. Kd2 Kf3 43. c4 bxc4 44. bxc4 Ke4 45. Kc3 h6 0-1

[Event "Bunratty Masters"]
[Site "Bunratty Co. Clare, Ireland"]
[Date "2017.02.19"]
[Round "5"]
[White "Walton, Alan"]
[Black "Pein, Malcolm"]
[Result "1/2-1/2"]
[WhiteElo "2211"]
[BlackElo "2345"]
[PlyCount "72"]
[EventDate "2017.??.??"]

1. d4 c5 2. d5 Nf6 3. Nc3 d6 4. e4 g6 5. Bb5+ Nfd7 6. Nf3 Bg7 7. O-O a6 8.
Bxd7+ Bxd7 9. a4 Bg4 10. h3 Bxf3 11. Qxf3 Nd7 12. Bd2 O-O 13. Qe2 b6 14. Nd1
Nf6 15. f4 Qd7 16. Ra3 b5 17. axb5 axb5 18. Rxa8 Rxa8 19. Bc3 Ra4 20. Bxf6 Bxf6
21. e5 Bg7 22. b3 Ra1 23. e6 fxe6 24. dxe6 Qc6 25. f5 c4 26. fxg6 hxg6 27. Qg4
Qd5 28. bxc4 bxc4 29. Ne3 Qd4 30. Qxd4 Bxd4 31. Rxa1 Bxa1 32. Nxc4 Kg7 33. Kf2
Kf6 34. Ke3 Kxe6 35. Nd2 d5 36. c4 dxc4 1/2-1/2

[Event "Bunratty Masters"]
[Site "Bunratty Co. Clare, Ireland"]
[Date "2017.02.19"]
[Round "5"]
[White "L'Ami, Alina"]
[Black "Short, Philip"]
[Result "1-0"]
[WhiteElo "2324"]
[BlackElo "2239"]
[PlyCount "67"]
[EventDate "2017.??.??"]

1. d4 c5 2. d5 e5 3. c4 d6 4. Nc3 Be7 5. Nf3 Nf6 6. h3 O-O 7. g4 a6 8. a4 Nbd7
9. e4 Ne8 10. Bd3 Nc7 11. g5 Re8 12. Be3 Nf8 13. Qd2 Ng6 14. h4 Bg4 15. Ng1 Rb8
16. h5 Nf8 17. f3 Bd7 18. Nge2 b5 19. b3 bxa4 20. bxa4 Rb4 21. Ng3 Qb8 22. Ra2
Rb3 23. Nf5 Qb4 24. Rc2 Na8 25. g6 fxg6 26. hxg6 hxg6 27. Nxe7+ Rxe7 28. f4 Nb6
29. fxe5 dxe5 30. Qf2 Rb1+ 31. Bc1 Bf5 32. O-O Rb3 33. Bd2 Nxa4 34. Nb5 1-0

[Event "Bunratty Masters"]
[Site "Bunratty Co. Clare, Ireland"]
[Date "2017.02.19"]
[Round "5"]
[White "Pogan, Nikolas"]
[Black "Yin, Stanley"]
[Result "1-0"]
[WhiteElo "2283"]
[BlackElo "2198"]
[PlyCount "45"]
[EventDate "2017.??.??"]

1. d4 d5 2. Nf3 Nf6 3. c4 dxc4 4. e3 c5 5. Bxc4 Nc6 6. dxc5 Qxd1+ 7. Kxd1 Bg4
8. a3 e5 9. h3 Bxf3+ 10. gxf3 e4 11. f4 Bxc5 12. b4 Be7 13. Nd2 Rd8 14. Ke2 h6
15. Bb2 O-O 16. Rhg1 Rfe8 17. Nxe4 Nh5 18. Kf3 Kf8 19. Rad1 Rxd1 20. Rxd1 Rd8
21. Rd5 Rxd5 22. Bxd5 Nd8 23. f5 1-0

[Event "Bunratty Masters"]
[Site "Bunratty Co. Clare, Ireland"]
[Date "2017.02.19"]
[Round "5"]
[White "Pein, Jonathan"]
[Black "Wall, Tim P"]
[Result "1-0"]
[WhiteElo "2223"]
[BlackElo "2193"]
[PlyCount "39"]
[EventDate "2017.??.??"]

1. b3 d5 2. Bb2 Bg4 3. f3 Bh5 4. e4 e6 5. Nh3 f6 6. Qe2 Qe7 7. Ba3 c5 8. d4 Nd7
9. Nf4 Bf7 10. Nc3 dxe4 11. dxc5 Qd8 12. O-O-O Qa5 13. Nb5 a6 14. Rxd7 Kxd7 15.
Qxe4 axb5 16. Qxb7+ Kd8 17. Bb4 Qxb4 18. Qxa8+ Kc7 19. Nd3 Qh4 20. Qxf8 1-0

[Event "Bunratty Masters"]
[Site "Bunratty Co. Clare, Ireland"]
[Date "2017.02.19"]
[Round "5"]
[White "Rawlinson, Aidan"]
[Black "Hebden, Mark"]
[Result "0-1"]
[WhiteElo "2199"]
[BlackElo "2486"]
[PlyCount "54"]
[EventDate "2017.??.??"]

1. d4 Nf6 2. c4 g6 3. g3 Bg7 4. Bg2 O-O 5. Nc3 d6 6. Nf3 Nc6 7. O-O Rb8 8. e3
e5 9. d5 Ne7 10. e4 Ne8 11. Ne1 f5 12. f3 f4 13. g4 Bf6 14. Nd3 Bh4 15. Bd2 h5
16. h3 hxg4 17. hxg4 g5 18. Be1 Ng6 19. Bxh4 Nxh4 20. Nf2 Rf6 21. Bh3 Rh6 22.
Kh2 Nf6 23. Rh1 c6 24. Qe2 Qb6 25. Ncd1 cxd5 26. cxd5 Bd7 27. Nc3 Kf7 0-1

[Event "Bunratty Masters"]
[Site "Bunratty Co. Clare, Ireland"]
[Date "2017.02.19"]
[Round "5"]
[White "Gheorghiu, Calin"]
[Black "Gelip, Ioana"]
[Result "1/2-1/2"]
[WhiteElo "2312"]
[BlackElo "2202"]
[PlyCount "26"]
[EventDate "2017.??.??"]

1. d4 Nf6 2. c4 e6 3. Nc3 Bb4 4. e3 O-O 5. Nge2 d5 6. a3 Bd6 7. Ng3 c6 8. cxd5
cxd5 9. Bd3 Nc6 10. O-O b6 11. Bc2 Ba6 12. Re1 Rc8 13. f4 Na5 1/2-1/2

[Event "Bunratty Masters"]
[Site "Bunratty Co. Clare, Ireland"]
[Date "2017.02.19"]
[Round "5"]
[White "Delaney, Killian"]
[Black "Li, Henry"]
[Result "1/2-1/2"]
[WhiteElo "2203"]
[BlackElo "2150"]
[PlyCount "49"]
[EventDate "2017.??.??"]

1. a3 Nf6 2. Nf3 g6 3. g3 Bg7 4. Bg2 O-O 5. O-O d6 6. d4 Nbd7 7. Nc3 c6 8. e4
e5 9. h3 Re8 10. dxe5 dxe5 11. Be3 Qe7 12. Nd2 Nc5 13. Nc4 b6 14. Nd6 Rd8 15.
Bxc5 bxc5 16. Nxc8 Raxc8 17. Qe2 Qb7 18. Rab1 Rd4 19. Rfd1 Rcd8 20. b4 cxb4 21.
Rxb4 Rxd1+ 22. Nxd1 Qd7 23. Ne3 Bf8 24. Rb3 Bc5 25. Rd3 1/2-1/2

[Event "Bunratty Masters"]
[Site "Bunratty Co. Clare, Ireland"]
[Date "2017.02.19"]
[Round "5"]
[White "O'Gorman, Tom"]
[Black "Nettleton, Charlie"]
[Result "1-0"]
[WhiteElo "2100"]
[BlackElo "2162"]
[PlyCount "45"]
[EventDate "2017.??.??"]

1. Nf3 c5 2. e4 d6 3. d4 cxd4 4. Nxd4 Nf6 5. Nc3 a6 6. Bg5 e6 7. f4 Qb6 8. Qd2
Nbd7 9. O-O-O Be7 10. g4 Qc7 11. Bg2 O-O 12. Rhg1 Nb6 13. Bf1 Re8 14. Bxf6 Bxf6
15. g5 Be7 16. f5 Nc4 17. Bxc4 Qxc4 18. Qf2 b5 19. f6 Bf8 20. g6 hxg6 21. Rxg6
e5 22. Rxg7+ Bxg7 23. Qg3 1-0

[Event "Bunratty Masters"]
[Site "Bunratty Co. Clare, Ireland"]
[Date "2017.02.19"]
[Round "5"]
[White "Houston, David"]
[Black "Wolferink, Frans"]
[Result "1-0"]
[WhiteElo "2219"]
[BlackElo "2095"]
[PlyCount "51"]
[EventDate "2017.??.??"]

1. e4 e5 2. Nf3 Nc6 3. d4 exd4 4. Nxd4 Nf6 5. Nxc6 bxc6 6. e5 Qe7 7. Qe2 Nd5 8.
c4 Nb6 9. b3 g6 10. Ba3 d6 11. f4 Bg7 12. Nd2 c5 13. O-O-O O-O 14. Ne4 Re8 15.
Qf3 Bb7 16. Bd3 dxe5 17. f5 Nd7 18. Rhf1 Rab8 19. g4 Nf6 20. fxg6 Kh8 21. gxf7
Red8 22. Be2 Rd4 23. Rxd4 exd4 24. Bxc5 Qxc5 25. Nxc5 Bxf3 26. Rxf3 1-0

[Event "Bunratty Masters"]
[Site "Bunratty Co. Clare, Ireland"]
[Date "2017.02.19"]
[Round "5"]
[White "Gayson, Peter"]
[Black "Schenning, Albert"]
[Result "1-0"]
[WhiteElo "2148"]
[BlackElo "2010"]
[PlyCount "79"]
[EventDate "2017.??.??"]

1. e4 c5 2. Nf3 e6 3. d4 cxd4 4. Nxd4 Nf6 5. Nc3 Nc6 6. Ndb5 Bc5 7. Nd6+ Ke7 8.
Nxc8+ Rxc8 9. Bd3 Ne5 10. O-O h6 11. Na4 Nxd3 12. Qxd3 Qc7 13. Nxc5 Qxc5 14.
Be3 Qd6 15. Bxa7 Qxd3 16. cxd3 d5 17. f3 Rc2 18. Bd4 Rd8 19. Rac1 Rdc8 20. Bc3
Rxc1 21. Rxc1 Kd7 22. Kf2 e5 23. Bd2 Rxc1 24. Bxc1 Ke6 25. a4 Nd7 26. b4 f6 27.
f4 f5 28. exf5+ Kxf5 29. fxe5 Nxe5 30. Ke3 Nc6 31. b5 d4+ 32. Ke2 Ne7 33. a5
Nc8 34. a6 b6 35. Ba3 Ke6 36. Bf8 Kd5 37. Bxg7 h5 38. h4 Na7 39. g4 hxg4 40. h5
1-0

[Event "Bunratty Masters"]
[Site "Bunratty Co. Clare, Ireland"]
[Date "2017.02.19"]
[Round "5"]
[White "O'Connor, Jonathan"]
[Black "Cafolla, Peter"]
[Result "1-0"]
[WhiteElo "2126"]
[BlackElo "1976"]
[PlyCount "53"]
[EventDate "2017.??.??"]

1. e4 c5 2. Nf3 Nc6 3. Bb5 Nd4 4. Nxd4 cxd4 5. O-O a6 6. Bc4 e6 7. d3 Ne7 8. c3
d5 9. exd5 exd5 10. Bb3 dxc3 11. Nxc3 Be6 12. Re1 Qd7 13. Bf4 Rc8 14. d4 f6 15.
Na4 Rc6 16. Nc5 Qc8 17. Nxe6 Rxe6 18. Rc1 Rxe1+ 19. Qxe1 Qf5 20. Bd6 Qe4 21.
Qxe4 dxe4 22. Rc7 b5 23. Be6 g6 24. Rb7 Nc6 25. Bd7+ Kd8 26. Bxc6 Bxd6 27. Rd7+
1-0

[Event "Bunratty Masters"]
[Site "Bunratty Co. Clare, Ireland"]
[Date "2017.02.19"]
[Round "5"]
[White "Tirziman, Rudolf"]
[Black "Haussernot, Cecile"]
[Result "0-1"]
[WhiteElo "2013"]
[BlackElo "2120"]
[PlyCount "64"]
[EventDate "2017.??.??"]

1. e4 c5 2. Nf3 d6 3. Bb5+ Nd7 4. a4 a6 5. Bc4 e6 6. Nc3 Ngf6 7. O-O Be7 8. d4
cxd4 9. Qxd4 Qc7 10. Bg5 O-O 11. Rfd1 b6 12. Be2 Bb7 13. Nd2 Nc5 14. b4 Ncd7
15. Ra3 Rac8 16. Rb3 Ne5 17. Qe3 d5 18. exd5 exd5 19. Qf4 h6 20. Bxf6 Bxf6 21.
Ndb1 d4 22. Rxd4 Qc6 23. Ne4 Ng6 24. Nxf6+ gxf6 25. Rg3 Qxc2 26. Nd2 Rfe8 27.
Qxf6 Rxe2 28. Nf1 Re1 29. Rd7 Rxf1+ 30. Kxf1 Qc1+ 31. Ke2 Rc2+ 32. Kd3 Qd2# 0-1

[Event "Bunratty Masters"]
[Site "Bunratty Co. Clare, Ireland"]
[Date "2017.02.19"]
[Round "5"]
[White "Moran, Stephen"]
[Black "Sudolski, Sylwester"]
[Result "0-1"]
[WhiteElo "2119"]
[BlackElo "2027"]
[PlyCount "94"]
[EventDate "2017.??.??"]

1. d4 Nf6 2. c4 g6 3. f3 Bg7 4. e4 d6 5. Nc3 O-O 6. Be3 Nc6 7. Nge2 e5 8. Qd2
Nd7 9. d5 Ne7 10. g4 f5 11. gxf5 gxf5 12. O-O-O Ng6 13. Bg5 Bf6 14. Bh6 Bg7 15.
Rg1 f4 16. Bxg7 Kxg7 17. Bh3 Qh4 18. Bf5 Nc5 19. Bxc8 Raxc8 20. Rg2 a5 21. Nb5
Nxe4 22. fxe4 f3 23. Rxg6+ hxg6 24. Ng3 f2 25. Nc3 Qxh2 26. Qg5 Kh7 27. Qg4
Rcd8 28. Nce2 Rf6 29. Nf1 Qh1 30. Neg3 Qg2 31. Nh5 Qf3 32. Nxf6+ Qxf6 33. Kd2
Kg7 34. Ke2 Rh8 35. Rd3 Rh4 36. Qg2 Rf4 37. Nd2 Qh4 38. Rf3 Qh5 39. Qxf2 Rh4
40. Kd3 Rh2 41. Rf7+ Kh6 42. Qe3+ g5 43. Rf6+ Kg7 44. Rf5 Kg6 45. Rf3 g4 46.
Rf5 Qh4 47. Kc3 Rh3 0-1

[Event "Bunratty Masters"]
[Site "Bunratty Co. Clare, Ireland"]
[Date "2017.02.19"]
[Round "5"]
[White "Fox, Anthony"]
[Black "van Empel, Fred"]
[Result "1/2-1/2"]
[WhiteElo "1969"]
[BlackElo "2140"]
[PlyCount "21"]
[EventDate "2017.??.??"]

1. e4 e6 2. d4 d5 3. exd5 exd5 4. Nf3 Nf6 5. Bd3 Bg4 6. O-O Be7 7. Re1 O-O 8.
Nbd2 Nc6 9. c3 Re8 10. Nf1 Bd6 11. Rxe8+ 1/2-1/2

[Event "Bunratty Masters"]
[Site "Bunratty Co. Clare, Ireland"]
[Date "2017.02.19"]
[Round "5"]
[White "Schockenbaeumer, Dirk"]
[Black "Doyle, Hugh"]
[Result "0-1"]
[WhiteElo "2155"]
[BlackElo "2044"]
[PlyCount "58"]
[EventDate "2017.??.??"]

1. e4 Nf6 2. e5 Nd5 3. d4 d6 4. c4 Nb6 5. exd6 exd6 6. Nc3 Nc6 7. Be3 Be7 8.
Rc1 O-O 9. Be2 Bf6 10. b3 Bf5 11. Nf3 d5 12. c5 Nc8 13. O-O N8e7 14. Qd2 Re8
15. Bg5 Bxg5 16. Qxg5 Be4 17. Rfd1 h6 18. Qf4 Ng6 19. Qg3 Qf6 20. Qxc7 Nf4 21.
Kf1 Rad8 22. Qxb7 Nxe2 23. Nxe2 Bxf3 24. gxf3 Rxe2 25. Kxe2 Re8+ 26. Kf1 Qxf3
27. Kg1 Re6 28. Qb5 Qg4+ 29. Kh1 Rg6 0-1

[Event "Bunratty Masters"]
[Site "Bunratty Co. Clare, Ireland"]
[Date "2017.02.19"]
[Round "5"]
[White "Harding, Tim"]
[Black "van der Zwet, Bart"]
[Result "1/2-1/2"]
[WhiteElo "1959"]
[BlackElo "2118"]
[PlyCount "65"]
[EventDate "2017.??.??"]

1. d4 e6 2. c4 Nf6 3. g3 d5 4. Bg2 c6 5. Nf3 Nbd7 6. Qc2 Bd6 7. O-O O-O 8. b3
b6 9. Nbd2 Bb7 10. Bb2 Rc8 11. e4 dxe4 12. Ng5 Re8 13. Ndxe4 Nxe4 14. Nxe4 Be7
15. Rad1 Qc7 16. Rfe1 c5 17. d5 exd5 18. cxd5 Bd6 19. Ng5 Nf8 20. Be4 h6 21.
Nf3 Re7 22. Nh4 f6 23. Nf5 Rf7 24. Qe2 Rd8 25. Qg4 Kh8 26. Nxg7 Rxg7 27. Bxf6
Nh7 28. Bxh7 Kxh7 29. Qf5+ Kg8 30. Qe6+ Kh7 31. Qf5+ Kg8 32. Qe6+ Kh7 33. Qf5+
1/2-1/2

[Event "Bunratty Masters"]
[Site "Bunratty Co. Clare, Ireland"]
[Date "2017.02.19"]
[Round "5"]
[White "Keogh, Eamon"]
[Black "Mulligan, Scott"]
[Result "1/2-1/2"]
[WhiteElo "1902"]
[BlackElo "2065"]
[PlyCount "61"]
[EventDate "2017.??.??"]

1. f4 e5 2. d3 Nc6 3. Nf3 d6 4. e4 Nf6 5. Be2 Be7 6. O-O Bg4 7. c3 Qd7 8. b4 a6
9. a4 h6 10. Na3 exf4 11. Bxf4 g5 12. Be3 Bxf3 13. gxf3 Nh5 14. b5 Ne5 15. bxa6
bxa6 16. f4 Nxf4 17. d4 Qh3 18. Bxf4 gxf4 19. Kh1 Rg8 20. Rf2 f3 21. Bxf3 Ng4
22. Bxg4 Rxg4 23. Qb3 Rg7 24. Qd5 Rb8 25. Qc6+ Kd8 26. e5 Rb6 27. Qa8+ Qc8 28.
Qxc8+ Kxc8 29. exd6 Bxd6 30. Nc4 Rc6 31. Nxd6+ 1/2-1/2

[Event "Bunratty Masters"]
[Site "Bunratty Co. Clare, Ireland"]
[Date "2017.02.19"]
[Round "5"]
[White "Speck, Stefan"]
[Black "Melaugh, Gavin"]
[Result "0-1"]
[WhiteElo "1989"]
[BlackElo "1936"]
[PlyCount "122"]
[EventDate "2017.??.??"]

1. e4 e6 2. b3 d5 3. Bb2 dxe4 4. Nc3 Nf6 5. Qe2 Nc6 6. O-O-O e5 7. Nxe4 Nxe4 8.
Qxe4 Bd6 9. d4 Qg5+ 10. f4 Qxf4+ 11. Qxf4 exf4 12. d5 Ne5 13. Re1 f6 14. Nf3
O-O 15. Nxe5 fxe5 16. Bxe5 Re8 17. Bc3 Ba3+ 18. Kd2 Rxe1 19. Kxe1 Bf5 20. Kd2
Bc5 21. Be5 Be3+ 22. Kc3 Be4 23. Bxc7 Bxd5 24. Bc4 Bxc4 25. bxc4 Rc8 26. Bd6 b5
27. c5 Bxc5 28. Bxc5 Rxc5+ 29. Kd3 Rg5 30. Rg1 Kf7 31. Ke4 Rc5 32. Rc1 g5 33.
h4 Rc4+ 34. Kf5 Rc5+ 35. Kg4 h6 36. hxg5 hxg5 37. g3 fxg3 38. Kxg3 Rc4 39. Rh1
Kg6 40. Rh2 Ra4 41. Rd2 Rxa2 42. Rd5 a6 43. Kg4 Ra4+ 44. Kf3 Rc4 45. Rd6+ Kh5
46. Rxa6 Rxc2 47. Rb6 Rb2 48. Rb8 Rb3+ 49. Ke4 Kg4 50. Rg8 Rb2 51. Kd3 b4 52.
Re8 Kh3 53. Re3+ Kh4 54. Re8 g4 55. Ke3 Kg3 56. Rd8 Rf2 57. Rd1 Rf3+ 58. Ke2 b3
59. Rd4 Rf2+ 60. Ke1 b2 61. Rb4 Kf3 0-1